Sunset park /

Bibliographic Details
Main Author: Auster, Paul, 1947- (Author)
Other Authors: Gómez Ibáñez, Benito, 1949- (Translator)
Format: Electronic eBook
Language:Spanish
English
Published: Barcelona : Editorial Anagrama, [2010]
Edition:Edición en formato digital.
Series:Panorama de narrativas ; 765.
Subjects:
Online Access:Digitalia Hispánica

MARC

LEADER 00000nam a2200000Ii 4500
001 DIGANAGRA0334
003 NyNyDIG
006 m o d
007 cr |||||||||||
008 210806s2010 sp o 000 f spa d
035 |a (OCoLC)1008591657 
040 |a DGITA  |b eng  |e rda  |e pn  |c DGITA 
020 |a 9788433932853  |q eBook  |q ePub 
020 |z 9788433975461 
041 1 |a spa  |h eng 
050 1 4 |a PS3551.U77 ebook 
082 0 4 |a 813.54 
100 1 |a Auster, Paul,  |d 1947-  |e author. 
240 1 0 |a Sunset park.  |l Spanish  |s (Gómez Ibáñez) 
245 1 0 |a Sunset park /  |c Paul Auster ; traducción, Benito Gómez Ibáñez. 
250 |a Edición en formato digital. 
264 1 |a Barcelona :  |b Editorial Anagrama,  |c [2010] 
300 |a 1 online resource. 
336 |a text  |b txt  |2 rdacontent 
337 |a computer  |b c  |2 rdamedia 
338 |a online resource  |b cr  |2 rdacarrier 
347 |a text file  |2 rdaft 
347 |b EPUB 
490 1 |a Panorama de narrativas 
588 0 |a Online resource; title from ePub title page (Digitalia, viewed August 6, 2021) 
655 7 |a Fiction.  |2 lcgft 
655 0 |a Electronic books. 
700 1 |a Gómez Ibáñez, Benito,  |d 1949-  |e translator. 
700 1 |i Translation of:  |a Auster, Paul,  |d 1947-  |t Sunset park. 
776 0 8 |i Print version:  |a Auster, Paul, 1947-  |s Sunset park. Spanish (Gómez Ibáñez).  |t Sunset park.  |d Barcelona : Editorial Anagrama, 2010  |z 9788433975461  |w (OCoLC)994870159 
791 2 |a Digitalia (Firm),  |e distributor. 
793 0 |g Digitalia eBook Collection:  |a Anagrama 
830 0 |a Panorama de narrativas ;  |v 765. 
856 4 0 |3 Digitalia Hispánica  |u https://www.digitaliapublishing.com/a/33057/ 
910 |a Premium Collection: 2021